Population de 200 Pays - Clic Quiz - Statistiques

Statistiques générales
  • Ce quiz a été pris 40 fois
  • Le résultat moyen est 75 sur 200
Statistiques - réponses
Hint Réponse % Correct
Inde a) Plus de 400 millions
67%
Tuvalu f) Moins de 3 millions
67%
France c) Entre 27 et 79 millions
64%
Fidji f) Moins de 3 millions
64%
Sao Tomé-et-Principe f) Moins de 3 millions
64%
Kiribati f) Moins de 3 millions
64%
Îles Cook f) Moins de 3 millions
64%
Vatican f) Moins de 3 millions
64%
Italie c) Entre 27 et 79 millions
61%
Trinité-et-Tobago f) Moins de 3 millions
61%
Îles Salomon f) Moins de 3 millions
61%
Malte f) Moins de 3 millions
61%
Vanuatu f) Moins de 3 millions
61%
Grenade f) Moins de 3 millions
61%
Saint-Vincent-et-les-Grenadines f) Moins de 3 millions
61%
Antigua-et-Barbuda f) Moins de 3 millions
61%
Îles Marshall f) Moins de 3 millions
61%
Nauru f) Moins de 3 millions
61%
Niue f) Moins de 3 millions
61%
Chine a) Plus de 400 millions
58%
Espagne c) Entre 27 et 79 millions
58%
Luxembourg f) Moins de 3 millions
58%
Samoa f) Moins de 3 millions
58%
Sainte-Lucie f) Moins de 3 millions
58%
États fédérés de Micronésie f) Moins de 3 millions
58%
Seychelles f) Moins de 3 millions
58%
Dominique f) Moins de 3 millions
58%
Saint-Christophe-et-Niévès f) Moins de 3 millions
58%
Liechtenstein f) Moins de 3 millions
58%
Monaco f) Moins de 3 millions
58%
Saint-Marin f) Moins de 3 millions
58%
Brésil b) Entre 80 et 400 millions
56%
Timor oriental f) Moins de 3 millions
56%
Bahamas f) Moins de 3 millions
56%
Barbade f) Moins de 3 millions
56%
Tonga f) Moins de 3 millions
56%
Andorre f) Moins de 3 millions
56%
Palaos f) Moins de 3 millions
56%
Royaume-Uni c) Entre 27 et 79 millions
53%
Croatie e) Entre 3 et 11 millions
53%
Kosovo f) Moins de 3 millions
53%
Maurice f) Moins de 3 millions
53%
Comores f) Moins de 3 millions
53%
Maldives f) Moins de 3 millions
53%
Indonésie b) Entre 80 et 400 millions
50%
Kenya c) Entre 27 et 79 millions
50%
Corée du Sud c) Entre 27 et 79 millions
50%
Colombie c) Entre 27 et 79 millions
50%
Argentine c) Entre 27 et 79 millions
50%
Algérie c) Entre 27 et 79 millions
50%
Pologne c) Entre 27 et 79 millions
50%
Chypre f) Moins de 3 millions
50%
Eswatini f) Moins de 3 millions
50%
Djibouti f) Moins de 3 millions
50%
Brunei f) Moins de 3 millions
50%
Nigeria b) Entre 80 et 400 millions
47%
Russie b) Entre 80 et 400 millions
47%
Mexique b) Entre 80 et 400 millions
47%
Japon b) Entre 80 et 400 millions
47%
Éthiopie b) Entre 80 et 400 millions
47%
Ukraine c) Entre 27 et 79 millions
47%
Canada c) Entre 27 et 79 millions
47%
Lesotho f) Moins de 3 millions
47%
Monténégro f) Moins de 3 millions
47%
Belize f) Moins de 3 millions
47%
Sahara occidental (malgré un statut non défini) f) Moins de 3 millions
47%
Pakistan b) Entre 80 et 400 millions
44%
Bangladesh b) Entre 80 et 400 millions
44%
Philippines b) Entre 80 et 400 millions
44%
Finlande e) Entre 3 et 11 millions
44%
Bahreïn f) Moins de 3 millions
44%
Guyana f) Moins de 3 millions
44%
Suriname f) Moins de 3 millions
44%
Cap-Vert f) Moins de 3 millions
44%
États-Unis b) Entre 80 et 400 millions
42%
République démocratique du Congo b) Entre 80 et 400 millions
42%
Allemagne b) Entre 80 et 400 millions
42%
Tchéquie e) Entre 3 et 11 millions
42%
Suisse e) Entre 3 et 11 millions
42%
Slovaquie e) Entre 3 et 11 millions
42%
Bosnie-Herzégovine e) Entre 3 et 11 millions
42%
Macédoine du Nord f) Moins de 3 millions
42%
Islande f) Moins de 3 millions
42%
Égypte b) Entre 80 et 400 millions
39%
Iran b) Entre 80 et 400 millions
39%
Turquie b) Entre 80 et 400 millions
39%
Afghanistan c) Entre 27 et 79 millions
39%
Angola c) Entre 27 et 79 millions
39%
Pérou c) Entre 27 et 79 millions
39%
Pays-Bas d) Entre 12 et 26 millions
39%
Tchad d) Entre 12 et 26 millions
39%
Jordanie e) Entre 3 et 11 millions
39%
Serbie e) Entre 3 et 11 millions
39%
Nicaragua e) Entre 3 et 11 millions
39%
Danemark e) Entre 3 et 11 millions
39%
Costa Rica e) Entre 3 et 11 millions
39%
Irlande e) Entre 3 et 11 millions
39%
Panama e) Entre 3 et 11 millions
39%
Thaïlande c) Entre 27 et 79 millions
36%
Afrique du Sud c) Entre 27 et 79 millions
36%
Soudan c) Entre 27 et 79 millions
36%
Maroc c) Entre 27 et 79 millions
36%
Arabie saoudite c) Entre 27 et 79 millions
36%
Venezuela c) Entre 27 et 79 millions
36%
Burkina Faso d) Entre 12 et 26 millions
36%
Chili d) Entre 12 et 26 millions
36%
Roumanie d) Entre 12 et 26 millions
36%
Zimbabwe d) Entre 12 et 26 millions
36%
Togo e) Entre 3 et 11 millions
36%
Salvador e) Entre 3 et 11 millions
36%
Nouvelle-Zélande e) Entre 3 et 11 millions
36%
Qatar f) Moins de 3 millions
36%
Bhoutan f) Moins de 3 millions
36%
Tanzanie c) Entre 27 et 79 millions
33%
Irak c) Entre 27 et 79 millions
33%
Cameroun c) Entre 27 et 79 millions
33%
Équateur d) Entre 12 et 26 millions
33%
Cambodge d) Entre 12 et 26 millions
33%
Biélorussie e) Entre 3 et 11 millions
33%
Sierra Leone e) Entre 3 et 11 millions
33%
Paraguay e) Entre 3 et 11 millions
33%
Liban e) Entre 3 et 11 millions
33%
Norvège e) Entre 3 et 11 millions
33%
Birmanie c) Entre 27 et 79 millions
31%
Ouganda c) Entre 27 et 79 millions
31%
Rwanda d) Entre 12 et 26 millions
31%
Bolivie d) Entre 12 et 26 millions
31%
Israël e) Entre 3 et 11 millions
31%
Liberia e) Entre 3 et 11 millions
31%
Géorgie e) Entre 3 et 11 millions
31%
Moldavie (avec la Transnistrie) e) Entre 3 et 11 millions
31%
Jamaïque f) Moins de 3 millions
31%
Côte d'Ivoire c) Entre 27 et 79 millions
28%
Mali d) Entre 12 et 26 millions
28%
Guinée d) Entre 12 et 26 millions
28%
Bénin d) Entre 12 et 26 millions
28%
Tunisie d) Entre 12 et 26 millions
28%
Portugal e) Entre 3 et 11 millions
28%
Honduras e) Entre 3 et 11 millions
28%
Bulgarie e) Entre 3 et 11 millions
28%
Mauritanie e) Entre 3 et 11 millions
28%
Oman e) Entre 3 et 11 millions
28%
Gambie f) Moins de 3 millions
28%
Guinée équatoriale f) Moins de 3 millions
28%
Ouzbékistan c) Entre 27 et 79 millions
25%
Madagascar c) Entre 27 et 79 millions
25%
Sri Lanka d) Entre 12 et 26 millions
25%
Syrie d) Entre 12 et 26 millions
25%
Zambie d) Entre 12 et 26 millions
25%
Kazakhstan d) Entre 12 et 26 millions
25%
Belgique e) Entre 3 et 11 millions
25%
Cuba e) Entre 3 et 11 millions
25%
Suède e) Entre 3 et 11 millions
25%
Azerbaïdjan e) Entre 3 et 11 millions
25%
Kirghizistan e) Entre 3 et 11 millions
25%
Turkménistan e) Entre 3 et 11 millions
25%
Uruguay e) Entre 3 et 11 millions
25%
Lettonie f) Moins de 3 millions
25%
Viêt Nam b) Entre 80 et 400 millions
22%
Ghana c) Entre 27 et 79 millions
22%
Émirats arabes unis e) Entre 3 et 11 millions
22%
Autriche e) Entre 3 et 11 millions
22%
Laos e) Entre 3 et 11 millions
22%
Estonie f) Moins de 3 millions
22%
Malaisie c) Entre 27 et 79 millions
19%
Yémen c) Entre 27 et 79 millions
19%
Corée du Nord d) Entre 12 et 26 millions
19%
Grèce e) Entre 3 et 11 millions
19%
Papouasie-Nouvelle-Guinée e) Entre 3 et 11 millions
19%
Tadjikistan e) Entre 3 et 11 millions
19%
Hongrie e) Entre 3 et 11 millions
19%
République centrafricaine e) Entre 3 et 11 millions
19%
Lituanie f) Moins de 3 millions
19%
Guinée-Bissau f) Moins de 3 millions
19%
Mozambique c) Entre 27 et 79 millions
17%
Taïwan d) Entre 12 et 26 millions
17%
Libye e) Entre 3 et 11 millions
17%
Singapour e) Entre 3 et 11 millions
17%
Koweït e) Entre 3 et 11 millions
17%
Érythrée e) Entre 3 et 11 millions
17%
Mongolie e) Entre 3 et 11 millions
17%
Australie d) Entre 12 et 26 millions
14%
Malawi d) Entre 12 et 26 millions
14%
Guatemala d) Entre 12 et 26 millions
14%
Sénégal d) Entre 12 et 26 millions
14%
Haïti e) Entre 3 et 11 millions
14%
République dominicaine e) Entre 3 et 11 millions
14%
Soudan du Sud e) Entre 3 et 11 millions
14%
Albanie f) Moins de 3 millions
14%
Botswana f) Moins de 3 millions
14%
Slovénie f) Moins de 3 millions
14%
Niger d) Entre 12 et 26 millions
11%
Somalie d) Entre 12 et 26 millions
11%
Burundi d) Entre 12 et 26 millions
11%
République du Congo e) Entre 3 et 11 millions
11%
Palestine e) Entre 3 et 11 millions
11%
Namibie f) Moins de 3 millions
11%
Gabon f) Moins de 3 millions
11%
Népal c) Entre 27 et 79 millions
8%
Arménie f) Moins de 3 millions
8%
Aucun quiz correspondant
Distribution des résultats
% des personnes avec chaque résultat
Percentile par nombre de réponses
Votre historique - résultats
Vous n’avez pas pris ce quiz